Gilmore Girls Food Sudden Death Quiz - Statistics

General Stats
  • This quiz has been taken 373 times
  • The average score is 6 of 11
Answers on the Grid
Answers color-coded by a green-red scale on the quiz's grid according to % correct below.
Doose's Market
Luke's Diner
White Horse Tavern
Hector's
Al's Pancake World
MacLaren's
Antonioli's Pizzeria
Morton's Steakhouse
Teriyaki Joe's
Mae's Place
Andoloro's Italian
La Chanteuse
Perkins
The Hungry Diner
McGinty's
Jojo's Burgers
Weston's Bakery
The Dragonfly Inn
Moondance Diner
Taylor's Olde Fashioned Soda Shoppe
 
Answer Stats
Answer % Correct
Luke's Diner
88%
Al's Pancake World
85%
The Dragonfly Inn
82%
Doose's Market
80%
Taylor's Olde Fashioned Soda Shoppe
72%
Weston's Bakery
61%
Teriyaki Joe's
50%
Jojo's Burgers
30%
Antonioli's Pizzeria
29%
The Hungry Diner
21%
Andoloro's Italian
13%
No matching quizzes found
Score Distribution
Percent of People with Each Score
Percentile by Number Answered
Your Score History
You have not taken this quiz